Kinh tế và chính trị thế giới Báo cáo thường niên 2012

Sách chuyên khảo; Tổng quan về tình hình kinh tế thế giới năm 2012 với hai nội dung: kinh tế quốc gia và khu vực, quan hệ kinh tế quốc tế. Kết quả bầu cử và một số nét về giới lãnh đạo lớn trên thế giới năm 2012; những xu hướng chín...

Descripció completa

Guardat en:
Dades bibliogràfiques
Autor principal: Nguyễn, Bình Giang
Altres autors: Đặng, Hoàng Hà
Format: Llibre
Idioma:Undetermined
Publicat: H. Khoa học xã hội 2013
Matèries:
Accés en línia:http://lrc.tdmu.edu.vn/opac/search/detail.asp?aID=2&ID=28849
Etiquetes: Afegir etiqueta
Sense etiquetes, Sigues el primer a etiquetar aquest registre!
Thư viện lưu trữ: Trung tâm Học liệu Trường Đại học Thủ Dầu Một
LEADER 01541nam a2200229Ia 4500
001 TDMU_28849
008 210410s9999 xx 000 0 und d
082 |a 658 
090 |b NG527 
100 |a Nguyễn, Bình Giang 
245 0 |a Kinh tế và chính trị thế giới 
245 0 |b Báo cáo thường niên 2012 
245 0 |c Nguyễn Bình Giang (ch.b.), Đặng Hoàng Hà, Đặng Thị Phương Hoa và [nh.ng. khác] 
260 |a H. 
260 |b Khoa học xã hội 
260 |c 2013 
300 |a 195tr. 
520 |a Sách chuyên khảo; Tổng quan về tình hình kinh tế thế giới năm 2012 với hai nội dung: kinh tế quốc gia và khu vực, quan hệ kinh tế quốc tế. Kết quả bầu cử và một số nét về giới lãnh đạo lớn trên thế giới năm 2012; những xu hướng chính sách đối ngoại của các chính quyền mới và tác động quốc tế; vấn đề tranh chấp chủ quyền biển đảo ở Đông Á, Trung Đông và Bắc Phi. Những triển vọng kinh tế và chính trị thế giới năm 2013 
650 |a Chính trị  |x Báo cáo  |y 2012  |z Thế giới; Kinh tếxBáo cáo  |y 2012  |z Thế giới 
700 |a Đặng, Hoàng Hà 
856 |u http://lrc.tdmu.edu.vn/opac/search/detail.asp?aID=2&ID=28849 
980 |a Trung tâm Học liệu Trường Đại học Thủ Dầu Một